[Event "TUR-chT"]
[Site "Ankara"]
[Date "2022.08.19"]
[Round "4.1"]
[White "Gholami, Aryan"]
[Black "Ivic, Velimir"]
[Result "1-0"]
[WhiteElo "2507"]
[BlackElo "2583"]
[PlyCount "43"]
[EventDate "2022.08.16"]
[EventType "team-tourn"]
[EventRounds "13"]
[EventCountry "TUR"]
[SourceTitle "CBM 209 Extra"]
[Source "ChessBase"]
[SourceDate "2022.09.30"]
[SourceVersion "1"]
[SourceVersionDate "2022.09.30"]
[SourceQuality "1"]
[WhiteTeam "Bursa Buyuksehir"]
[BlackTeam "Burhaniye"]
[WhiteTeamCountry "TUR"]
[BlackTeamCountry "TUN"]

1. Nf3 Nf6 2. g3 g6 3. b3 d5 4. c4 d4 5. Bg2 Bg7 6. d3 O-O 7. b4 c5 8. a3 $146 ({RR} 8. bxc5 Nfd7 9. Nbd2 Nxc5 10. O-O Nc6 11. Ba3 Qa5 12. Bxc5 Qxc5 13. Rb1 e5 14. Qa4 f5 15. Ne1 Bh6 16. Nb3 Qe7 17. Bxc6 bxc6 18. Qxc6 Rb8 19. Nf3 Bg7 20. Qc5 Qf6 21. Qxa7 Rb7 22. Qa5 g5 {Hamitevici,V (2480)-Siva,M (2270) St Petersburg 2019 1-0 (41)}) 8... Nbd7 9. O-O Qc7 10. Ra2 e5 11. e3 a5 12. exd4 cxd4 13. Re2 axb4 14. axb4 Ra6 15. Rfe1 Re6 16. Na3 b6 17. Nb5 Qb8 18. Nfxd4 Bb7 19. Nxe6 fxe6 20. Bxb7 Qxb7 21. d4 exd4 22. Rxe6 1-0

[Event "TUR-chT"]
[Site "Ankara"]
[Date "2022.08.25"]
[Round "11.6"]
[White "Sanal, Vahap"]
[Black "Goganov, Aleksey"]
[Result "1-0"]
[WhiteElo "2570"]
[BlackElo "2530"]
[PlyCount "131"]
[EventDate "2022.08.16"]
[EventType "team-tourn"]
[EventRounds "13"]
[EventCountry "TUR"]
[SourceTitle "CBM 209 Extra"]
[Source "ChessBase"]
[SourceDate "2022.09.30"]
[SourceVersion "1"]
[SourceVersionDate "2022.09.30"]
[SourceQuality "1"]
[WhiteTeam "Deniz Su Aquamatch"]
[BlackTeam "Karaman Futbol"]
[WhiteTeamCountry "TUR"]
[BlackTeamCountry "TUN"]

1. Nf3 d5 2. b3 Bf5 3. Ba3 Nf6 4. e3 Nbd7 5. d4 e6 6. Bxf8 Nxf8 7. Be2 $146 ({RR} 7. Bd3 Bg4 8. Nbd2 N8d7 9. h3 Bh5 10. Qe2 c5 11. c3 O-O 12. g4 Bg6 13. Bxg6 hxg6 14. O-O-O Rc8 15. Kb2 Qa5 16. Nb1 Ne4 17. Nfd2 Ndf6 18. Nxe4 Nxe4 19. Qe1 cxd4 20. Rxd4 e5 21. Rd1 Rcd8 {Mrithyunjay Mahadevan (2018)-Ghosh,D (2568) Colombo SRI 2024 0-1 (32)}) 7... N8d7 8. O-O O-O 9. c4 c5 10. Nc3 Ne4 11. Nxe4 dxe4 12. Ne1 Qg5 13. Qc1 Rad8 14. f4 exf3 15. Nxf3 Qh6 16. Qc3 Nf6 17. Rae1 Ne4 18. Qc1 b6 19. Rd1 Bg4 20. Rfe1 cxd4 21. exd4 Qxc1 22. Rxc1 Bxf3 23. gxf3 Nf6 24. Red1 Rd7 25. Kf2 Rfd8 26. Ke3 Kf8 27. f4 Ke7 28. Rd2 h6 29. h4 h5 30. Rg1 g6 31. Bf3 Ng8 32. Bg2 Nf6 33. Bf3 Ng8 34. Rgd1 Nh6 35. Be4 Ng4+ 36. Ke2 Nf6 37. Bf3 Rc7 38. Rc1 Rcd7 39. Rcd1 Rc7 40. Bg2 Ne8 41. Bh3 Nf6 42. Bg2 Ne8 43. Ke3 Nd6 44. Bh3 a5 45. Rc1 Ne8 46. Rg1 Nd6 47. Rgd1 Ne8 48. Rg1 Nd6 49. Rd3 a4 50. Rg5 axb3 51. axb3 Ra8 52. d5 Rc5 53. Re5 Nf5+ 54. Bxf5 gxf5 55. Kd4 Ra1 56. Kc3 Rf1 57. Kb4 Rxf4 58. d6+ Kd7 59. Rxc5 bxc5+ 60. Kxc5 Re4 61. Kb5 Re1 62. c5 Rc1 63. Rg3 e5 64. Rg7 Ke6 65. Rg8 Rd1 66. Re8+ 1-0

[Event "Titled Tuesday intern op 16th Aug Early"]
[Site "Chess.com INT"]
[Date "2022.08.16"]
[Round "2"]
[White "Subelj, Jan"]
[Black "Kezin, Roman"]
[Result "1-0"]
[WhiteElo "2501"]
[BlackElo "2514"]
[PlyCount "57"]
[EventDate "2022.08.16"]
[EventType "swiss (blitz)"]
[EventRounds "11"]
[EventCountry "USA"]
[SourceTitle "EXT 2023"]
[Source "ChessBase"]
[SourceDate "2022.10.05"]
[SourceVersion "1"]
[SourceVersionDate "2022.10.05"]
[SourceQuality "1"]

1. Nf3 b6 2. g3 Bb7 3. Bg2 g6 4. O-O Bg7 5. d4 e6 6. Re1 ({RR} 6. c4 Ne7 7. Nc3 d6 8. e4 Nd7 9. Re1 a6 10. Qc2 O-O 11. Be3 h6 12. Rad1 b5 13. cxb5 axb5 14. Nxb5 Rxa2 15. Na3 Qa8 16. Qb3 Bxe4 17. Qxa2 Bxf3 18. Bxf3 Qxf3 19. Qc4 Nd5 20. Qe2 Qf5 {Bryakin,M (2455)-Duda,J (2724) chess.com INT 2023 0-1 (101)}) ({RR} 6. c3 Ne7 7. Re1 O-O 8. e4 d6 9. Nbd2 Nd7 10. Nf1 c5 11. Bf4 e5 12. dxe5 Nxe5 13. Qc2 Re8 14. Rad1 Qc7 15. h4 Rad8 16. Bg5 h6 17. Bc1 Qc8 18. Bf4 Qg4 19. N3h2 Qe6 20. Ne3 Rd7 {Shuvalova,P (2500)-Biete,A (2060) chess.com INT 2025 0-1 (58)}) 6... Ne7 7. e4 f5 $146 ({RR} 7... O-O 8. a4 a6 9. c3 d6 10. h4 h6 11. Nbd2 c5 12. dxc5 dxc5 13. Nc4 Nd7 14. Bf4 Bc6 15. Bd6 b5 16. Nce5 Nxe5 17. Nxe5 Bxe5 18. Bxe5 Qxd1 19. Rexd1 c4 20. Bf6 Nc8 21. axb5 axb5 22. Rxa8 {Afanasiev,N (2560)-Gitelson,A (2188) Sochi 2021 1-0 (33)}) 8. e5 O-O 9. a4 a5 10. Na3 Na6 11. c3 Bc6 12. Nb5 Qc8 13. Bg5 Nd5 14. c4 Ndb4 15. Ra3 Qb7 16. Qd2 Rae8 17. h4 Rf7 18. h5 gxh5 19. Nh4 Bxg2 20. Nxg2 Kh8 21. Nf4 Rg8 22. Nxh5 Qc8 23. Kg2 Qa8+ 24. f3 Nc6 25. Rh1 Nab4 26. Nxg7 Kxg7 27. Bf6+ Kf8 28. Qh6+ Ke8 29. Nxc7# 1-0

[Event "Titled Tuesday intern op 16th Aug Early"]
[Site "Chess.com INT"]
[Date "2022.08.16"]
[Round "4"]
[White "Nakamura, Hikaru"]
[Black "Hess, Robert L"]
[Result "1-0"]
[WhiteElo "2768"]
[BlackElo "2591"]
[PlyCount "83"]
[EventDate "2022.08.16"]
[EventType "swiss (blitz)"]
[EventRounds "11"]
[EventCountry "USA"]
[SourceTitle "EXT 2023"]
[Source "ChessBase"]
[SourceDate "2022.10.05"]
[SourceVersion "1"]
[SourceVersionDate "2022.10.05"]
[SourceQuality "1"]

1. g3 Nf6 2. Bg2 d5 3. d3 c6 4. Nd2 g6 5. e4 Bg7 6. Ngf3 O-O 7. O-O dxe4 8. dxe4 Na6 9. Qe2 Nc5 10. Rd1 Qc7 11. e5 ({RR} 11. Nc4 Ne6 12. a4 b6 13. Nce5 Bb7 14. Bh3 Nc5 15. Bf4 Nh5 16. Nxg6 Nxf4 17. Nxf4 Bxb2 18. Ng5 Qe5 19. Bf5 h6 20. Nf3 Qc7 21. Nh4 Rfd8 22. Qg4+ Kf8 23. Bh7 e6 24. Rab1 Rxd1+ 25. Rxd1 Bg7 {Tsydypov,Z (2548)-Yatzenko,A (2308) Sochi RUS 2023 1-0 (38)}) 11... Nd5 12. a3 $146 ({RR} 12. Nb3 Nxb3 13. axb3 Bg4 14. c4 Nb4 15. Bf4 Qc8 16. Rd2 Qf5 17. Nd4 Qxf4 18. gxf4 Bxe2 19. Nxe2 Rfd8 20. Rxd8+ Rxd8 21. Rxa7 Rb8 22. Be4 e6 23. Kg2 Bf8 24. Nc3 Bc5 25. Ra5 b6 26. Ra7 Rd8 {Kuijpers,F-Van Seters,F Beverwijk 1963 ½-½ (52)}) ({RR} 12. Nb3 Nxb3 13. axb3 Bf5 14. Nd4 Bd7 15. e6 fxe6 16. Nxe6 Bxe6 17. Qxe6+ Kh8 18. c3 Qb6 19. Qe2 Qxb3 20. Ra3 Qb6 21. Bxd5 cxd5 22. Rxd5 Rad8 23. Be3 Qe6 24. Rxd8 Rxd8 25. Rxa7 Qb3 26. Kg2 Bf6 {Piesik,P (2434)-Goltsev,D (2226) chess.com INT 2025 1-0 (37)}) 12... Bf5 13. c4 Bd3 14. Qe1 Nb6 15. Qe3 Bc2 16. Rf1 Ne6 17. Ne1 Bf5 18. f4 Rad8 19. b3 f6 20. Ndf3 Nd7 21. exf6 Bxf6 22. Ra2 Qb6 23. Qxb6 axb6 24. b4 Nd4 25. Be3 Nxf3+ 26. Nxf3 Bd3 27. Rc1 b5 28. cxb5 Bxb5 29. Nd4 Ba6 30. Ne6 Rde8 31. Nxf8 Nxf8 32. a4 e5 33. b5 cxb5 34. axb5 Bxb5 35. Bxb7 exf4 36. Bxf4 Bd4+ 37. Kg2 Ne6 38. Bd5 Kh8 39. Bh6 Nc5 40. Ra8 Rxa8 41. Bxa8 Kg8 42. Bd5+ 1-0

[Event "Titled Tuesday intern op 16th Aug Early"]
[Site "Chess.com INT"]
[Date "2022.08.16"]
[Round "7"]
[White "Demidov, Mikhail"]
[Black "Subelj, Jan"]
[Result "1-0"]
[WhiteElo "2563"]
[BlackElo "2501"]
[PlyCount "79"]
[EventDate "2022.08.16"]
[EventType "swiss (blitz)"]
[EventRounds "11"]
[EventCountry "USA"]
[SourceTitle "EXT 2023"]
[Source "ChessBase"]
[SourceDate "2022.10.05"]
[SourceVersion "1"]
[SourceVersionDate "2022.10.05"]
[SourceQuality "1"]

1. Nf3 Nf6 2. g3 d5 3. Bg2 Bf5 4. c4 e6 5. Qb3 Nc6 6. O-O ({RR} 6. d3 Rb8 7. O-O Be7 8. Nc3 d4 9. Nb1 e5 10. Bg5 O-O 11. Nbd2 h6 12. Bxf6 Bxf6 13. Ne1 Be7 14. Nc2 Qd7 15. Qa4 a5 16. Qb5 Rfe8 17. Nb3 Nb4 18. Nxb4 Qxb5 19. cxb5 axb4 20. Na5 Bd7 {Pantsulaia,L (2612)-Tregubov,P (2575) Riadh 2017 1-0 (61)}) 6... Rb8 7. d4 h6 $146 ({RR} 7... Be7 8. cxd5 exd5 9. Bf4 O-O 10. Nc3 a6 11. Rac1 Re8 12. h3 h6 13. g4 Be4 14. Nxe4 Nxe4 15. Rfd1 Bd6 16. Bxd6 Qxd6 17. Ne5 Nxe5 18. dxe5 Rxe5 19. Bxe4 Rxe4 20. Qxd5 Qxd5 21. Rxd5 Rxe2 22. Rxc7 {Chen,Y (2204)-Zhai Mo (2366) Ji'an CHN 2025 ½-½}) 8. Nc3 Be7 9. Bf4 O-O 10. cxd5 Nxd5 11. Nxd5 exd5 12. Rfc1 Be4 13. Qd1 Bd6 14. Bxd6 Qxd6 15. e3 Ne7 16. Ne5 Bxg2 17. Kxg2 c6 18. Rab1 Ng6 19. Nd3 Rbe8 20. b4 a6 21. a4 Re7 22. b5 cxb5 23. axb5 a5 24. b6 Ra8 25. Qa4 h5 26. h4 Nxh4+ 27. Kf1 Nf3 28. Rb5 h4 29. gxh4 Nxh4 30. Rxa5 Rxa5 31. Qxa5 Qh2 32. Rc7 Qh1+ 33. Ke2 Qf3+ 34. Kd2 Re6 35. Rxb7 Qf6 36. Rb8+ Kh7 37. Qxd5 Nf3+ 38. Kd1 g6 39. Nf4 Nxd4 40. Qh1+ 1-0

[Event "Titled Tuesday intern op 16th Aug Late"]
[Site "Chess.com INT"]
[Date "2022.08.16"]
[Round "4"]
[White "Nakamura, Hikaru"]
[Black "Tristan, Leonardo"]
[Result "1-0"]
[WhiteElo "2768"]
[BlackElo "2558"]
[PlyCount "97"]
[EventDate "2022.08.16"]
[EventType "swiss (blitz)"]
[EventRounds "11"]
[EventCountry "USA"]
[SourceTitle "EXT 2023"]
[Source "ChessBase"]
[SourceDate "2022.10.05"]
[SourceVersion "1"]
[SourceVersionDate "2022.10.05"]
[SourceQuality "1"]

1. g3 d5 2. Bg2 Nf6 3. d3 Bf5 4. Nf3 e6 5. Nh4 Bg4 6. h3 Bh5 7. Nd2 Be7 8. g4 Nfd7 9. Nf5 exf5 10. gxh5 c6 $146 ({RR} 10... Nf6 11. c4 c6 12. cxd5 cxd5 13. e4 dxe4 14. dxe4 Nxe4 15. Nxe4 Qxd1+ 16. Kxd1 fxe4 17. Bxe4 Nc6 18. Bxc6+ bxc6 19. Be3 O-O-O+ 20. Ke2 Rd5 21. h6 g6 22. Rac1 Kd7 23. Rhd1 Rb8 24. b3 a5 25. Rd4 {Shchekachev,A (2515)-Naiditsch,A (2712) San Sebastian 2011 ½-½ (45)}) 11. e3 Nf6 12. b3 Nbd7 13. Bb2 Qc7 14. Qe2 O-O-O 15. O-O-O Qa5 16. Kb1 Ba3 17. Ba1 Bb4 18. c4 Kb8 19. Bb2 Rhe8 20. h6 g6 21. Nf3 Ka8 22. Ng5 Re7 23. Qc2 Ne5 24. Bxe5 Rxe5 25. Nxf7 Ree8 26. Nxd8 Rxd8 27. cxd5 Nxd5 28. Bxd5 Rxd5 29. d4 Qa3 30. f3 Kb8 31. e4 Rb5 32. Rhg1 a5 33. Rxg6 a4 34. Rg8+ Ka7 35. Qb2 axb3 36. Qxa3+ Bxa3 37. axb3 Rxb3+ 38. Kc2 Rxf3 39. exf5 Rxh3 40. f6 Rh2+ 41. Rd2 Rxh6 42. Rf2 Rh4 43. f7 Rxd4 44. f8=Q Bxf8 45. Rfxf8 h5 46. Rh8 h4 47. Rf7 Rb4 48. Rfh7 Ka6 49. Rxh4 1-0

[Event "Titled Tuesday intern op 16th Aug Late"]
[Site "Chess.com INT"]
[Date "2022.08.16"]
[Round "5"]
[White "Nakamura, Hikaru"]
[Black "Hansen, Eric"]
[Result "1-0"]
[WhiteElo "2768"]
[BlackElo "2606"]
[PlyCount "69"]
[EventDate "2022.08.16"]
[EventType "swiss (blitz)"]
[EventRounds "11"]
[EventCountry "USA"]
[SourceTitle "EXT 2023"]
[Source "ChessBase"]
[SourceDate "2022.10.05"]
[SourceVersion "1"]
[SourceVersionDate "2022.10.05"]
[SourceQuality "1"]

1. g3 d5 2. Bg2 Nf6 3. Nf3 g6 4. d3 Bg7 5. Bd2 Nc6 ({RR} 5... c5 6. Qc1 O-O 7. Bh6 Qa5+ 8. c3 Qb6 9. Bxg7 Kxg7 10. Nbd2 Nc6 11. O-O h6 12. e4 dxe4 13. dxe4 Be6 14. b3 Rfd8 15. Qa3 Rd3 16. Rac1 Rad8 17. Rc2 Qa5 18. Qb2 b5 19. e5 Nd5 20. Ne4 {Loncar,M (2026)-Grbovic,D (1946) Podgorica MNE 2024 0-1 (55)}) ({RR} 5... O-O 6. Qc1 Re8 7. Bh6 Bh8 8. c4 c6 9. O-O e5 10. Bg5 Qd6 11. cxd5 cxd5 12. Nc3 Bd7 13. Nd2 Bc6 14. e4 d4 15. Nc4 Qe6 16. Ne2 Nbd7 17. f4 Bb5 18. b3 Rac8 19. Qd2 Bxc4 20. bxc4 {Nakamura,H (2768)-Bortnyk,M (2461) Chess.com INT 2022 1-0 (46)}) 6. Qc1 e5 7. O-O $146 ({RR} 7. Bh6 Bxh6 8. Qxh6 Ng4 9. Qd2 e4 10. dxe4 dxe4 11. Qxd8+ Nxd8 12. Nd4 f5 13. Nc3 Ne6 14. Nb3 Bd7 15. Bh3 Nf6 16. f3 exf3 17. exf3 O-O-O 18. Kf2 b6 19. Bf1 Bc6 20. Re1 Nd4 21. Ba6+ Bb7 {Nakamura,H (2736)-Aronian,L (2781) chess24.com INT 2020 0-1 (37)}) 7... O-O 8. c4 e4 9. dxe4 dxe4 10. Ng5 Nd4 11. Nc3 Bg4 12. Re1 Re8 13. h3 Bd7 14. Ngxe4 Nxe4 15. Nxe4 Bxh3 16. Bxh3 Rxe4 17. Be3 Rxe3 18. fxe3 Nc6 19. e4 Qe7 20. Qf4 Bxb2 21. Rad1 Ne5 22. Kh2 c6 23. Rf1 Rf8 24. Qe3 a5 25. Qb3 Ba3 26. Qc2 Bc5 27. Kg2 h5 28. Qc3 b6 29. Kh2 Re8 30. Rf4 Qg5 31. Rdf1 Bd6 32. Qd4 Bc7 33. Kg2 h4 34. Rxh4 Nxc4 35. Qh8# 1-0

[Event "Titled Tuesday intern op 16th Aug Late"]
[Site "Chess.com INT"]
[Date "2022.08.16"]
[Round "9"]
[White "Nakamura, Hikaru"]
[Black "Paravyan, David"]
[Result "1-0"]
[WhiteElo "2768"]
[BlackElo "2592"]
[PlyCount "87"]
[EventDate "2022.08.16"]
[EventType "swiss (blitz)"]
[EventRounds "11"]
[EventCountry "USA"]
[SourceTitle "EXT 2023"]
[Source "ChessBase"]
[SourceDate "2022.10.05"]
[SourceVersion "1"]
[SourceVersionDate "2022.10.05"]
[SourceQuality "1"]

1. g3 Nf6 2. Bg2 e5 3. d3 d5 4. Nf3 Nc6 5. Bg5 Be6 6. Nc3 h6 7. Bxf6 Qxf6 8. e4 d4 9. Nd5 $146 ({RR} 9. Ne2 Bc5 10. a3 Qe7 11. O-O O-O 12. h3 Qd7 13. Kh2 Rfe8 14. Qd2 Rad8 15. Rad1 Qe7 16. b4 Bb6 17. b5 Na5 18. Nxe5 Bxh3 19. Bxh3 Qxe5 20. Nf4 Qxb5 21. Qb4 Qxb4 22. axb4 Nc6 23. b5 Na5 {Benhamida,M (52)-Hurst,J (87) Daventry 2017 ½-½ (57)}) 9... Qd8 10. O-O Be7 11. c3 dxc3 12. bxc3 O-O 13. Rb1 Rb8 14. Re1 Re8 15. Qa4 Bf8 16. Nd2 Ne7 17. Nxe7+ Rxe7 18. Qxa7 Rd7 19. Bf1 b6 20. Qa4 Ra8 21. Qc2 Rxa2 22. Rb2 Ra3 23. Nf3 Qf6 24. Bg2 Bc5 25. h3 Bxh3 26. Bxh3 Qxf3 27. Bxd7 Qxg3+ 28. Kf1 Qf3 29. Qd1 Qh1+ 30. Ke2 Qh2 31. Kd2 Qxf2+ 32. Qe2 Qf6 33. Rf1 Qd6 34. Bb5 Bd4 35. cxd4 Qxd4 36. Rfb1 c6 37. Bc4 Qc3+ 38. Kd1 b5 39. Rb3 Rxb3 40. Bxb3 c5 41. Bd5 Qd4 42. Qf3 Kh7 43. Qf5+ Kh8 44. Ke2 1-0

[Event "Chess.com Rapid Winners"]
[Site "Chess.com INT"]
[Date "2022.08.18"]
[Round "1.1"]
[White "Nakamura, Hikaru"]
[Black "Maghsoodloo, Parham"]
[Result "1-0"]
[WhiteElo "2768"]
[BlackElo "2701"]
[PlyCount "69"]
[EventDate "2022.08.18"]
[EventType "k.o. (rapid)"]
[EventRounds "5"]
[EventCountry "USA"]
[SourceTitle "CBM 209 Extra"]
[Source "ChessBase"]
[SourceDate "2022.09.30"]
[SourceVersion "1"]
[SourceVersionDate "2022.09.30"]
[SourceQuality "1"]

1. Nf3 c5 2. e3 Nf6 3. b3 b6 4. Bb2 Bb7 5. g3 e6 6. Bg2 Be7 7. O-O O-O 8. Qe2 Qc7 $146 ({RR} 8... d5 9. d3 Nbd7 10. Nbd2 Qc7 11. c4 Rfd8 12. cxd5 Nxd5 13. Rfc1 Rac8 14. a3 Qb8 15. e4 N5f6 16. Nc4 b5 17. Nce5 Nxe5 18. Nxe5 a6 19. Rc2 Nd7 20. Nf3 Bf8 21. Rac1 Qa8 22. h4 Rc7 23. Nh2 {Damjanovic,V (2346)-Perdomo,C (2309) chess.com INT 2023 1-0 (71)}) 9. c4 Nc6 10. Nc3 Rad8 11. Rfd1 Rfe8 12. Rac1 Qb8 13. d4 cxd4 14. Nxd4 Rc8 15. Qf1 Red8 16. Rd2 h5 17. Rcd1 Ne5 18. h3 a6 19. f4 Ng6 20. Bxb7 Qxb7 21. Qg2 Qb8 22. g4 Bb4 23. gxh5 Nxh5 24. f5 exf5 25. Nxf5 Qe5 26. Rd5 Qe6 27. Ne4 Bf8 28. Qg4 Nhf4 29. Ng5 Nxd5 30. Qh5 Bc5 31. Qh7+ Kf8 32. Qxg7+ Ke8 33. Qg8+ Bf8 34. Rxd5 Ne7 35. Ng7# 1-0

[Event "Chess.com Rapid Winners"]
[Site "Chess.com INT"]
[Date "2022.08.18"]
[Round "2.1"]
[White "Nakamura, Hikaru"]
[Black "Sarana, Alexey"]
[Result "1-0"]
[WhiteElo "2768"]
[BlackElo "2662"]
[PlyCount "144"]
[EventDate "2022.08.18"]
[EventType "k.o. (rapid)"]
[EventRounds "5"]
[EventCountry "USA"]
[SourceTitle "CBM 209 Extra"]
[Source "ChessBase"]
[SourceDate "2022.09.30"]
[SourceVersion "1"]
[SourceVersionDate "2022.09.30"]
[SourceQuality "1"]

1. Nf3 d5 2. e3 c5 3. b3 Nc6 4. Bb5 f6 5. c4 d4 6. b4 e5 7. bxc5 Bxc5 8. exd4 Bxd4 9. Nxd4 Qxd4 10. Nc3 Nge7 $146 ({RR} 10... Be6 11. Rb1 Nge7 12. O-O O-O 13. Ba3 Rfd8 14. Bxc6 Nxc6 15. c5 Rd7 16. Re1 Rad8 17. Qf3 Qxd2 18. Ne4 Qd3 19. Nd6 Qxf3 20. gxf3 Nd4 21. Re3 Bd5 22. Kg2 g5 23. h3 h5 24. Ne4 Kf7 25. Rd3 {Pachman,L (2370)-Ousatchi,M (2260) Bad Woerishofen 1991 0-1}) 11. Ba3 a6 12. Ba4 Qxc4 13. Rc1 b5 14. Bb3 Qg4 15. Nd5 Qe4+ 16. Ne3 b4 17. Rc4 Nd4 18. d3 Qb7 19. Rxb4 Nb5 20. Qh5+ Ng6 21. O-O Bd7 22. Bb2 a5 23. Bd5 Bc6 24. Qf3 Bxd5 25. Nxd5 Kf7 26. Rxb5 Qxb5 27. Nc7 Qxb2 28. Qd5+ Kf8 29. Qxa8+ Ke7 30. Nd5+ Kd6 31. Qxa5 Rb8 32. Ne3 Qb5 33. Qa3+ Ke6 34. g3 Ne7 35. Rc1 Nd5 36. Nc4 Rd8 37. d4 e4 38. Ne3 Kf7 39. Rc5 Qb1+ 40. Kg2 Nxe3+ 41. Qxe3 Qd3 42. Qf4 Rxd4 43. Rc7+ Kf8 44. Rc8+ Kf7 45. Rc7+ Kf8 46. Qg4 Qf3+ 47. Qxf3 exf3+ 48. Kxf3 Ra4 49. Rc2 Ke7 50. Rd2 Ke6 51. Ke2 h5 52. Kd1 h4 53. Kc1 Kf5 54. Kb2 Ke4 55. Kb3 Ra8 56. gxh4 Kf3 57. a4 f5 58. Ra2 f4 59. a5 Kg2 60. Kc4 Kxh2 61. Kd4 Kh3 62. Ke4 Kxh4 63. Kxf4 g5+ 64. Ke4 g4 65. a6 Kh3 66. a7 Kh4 67. Kd5 Kh3 68. Kc6 Kg2 69. Kb7 Re8 70. a8=Q Rxa8 71. Kxa8 g3 72. fxg3+ Kxg3 1-0

[Event "Titled Tuesday intern op 23rd Aug Early"]
[Site "Chess.com INT"]
[Date "2022.08.23"]
[Round "5"]
[White "Theodorou, Nikolas"]
[Black "Zhigalko, Sergei"]
[Result "1-0"]
[WhiteElo "2575"]
[BlackElo "2572"]
[PlyCount "79"]
[EventDate "2022.08.23"]
[EventType "swiss (blitz)"]
[EventRounds "11"]
[EventCountry "USA"]
[SourceTitle "EXT 2023"]
[Source "ChessBase"]
[SourceDate "2022.10.05"]
[SourceVersion "1"]
[SourceVersionDate "2022.10.05"]
[SourceQuality "1"]

1. Nf3 d5 2. g3 c6 3. Bg2 Bg4 4. O-O Nd7 5. h3 Bh5 6. d3 e6 7. e4 Bd6 8. Qe1 Ne7 9. Nh4 ({RR} 9. Nc3 O-O 10. Nh4 Ng6 11. Nxg6 Bxg6 12. f4 Re8 13. Be3 f6 14. Qf2 dxe4 15. dxe4 e5 16. Rad1 Qe7 17. Kh1 Red8 18. Rd2 Bc7 19. Rfd1 Nb6 20. Bc5 Rxd2 21. Rxd2 Qe8 22. b3 Rd8 23. a4 Nc8 {Vidit,S (2726)-Grachev,B (2612) Chess.com INT 2020 0-1 (50)}) ({RR} 9. Nh2 O-O 10. f4 dxe4 11. dxe4 f6 12. Nd2 e5 13. Nc4 Bc5+ 14. Kh1 Bf7 15. Qe2 b5 16. Ne3 Re8 17. Nhg4 Qc7 18. Bd2 a5 19. a3 Rad8 20. Rad1 exf4 21. gxf4 f5 22. Nf2 fxe4 23. Nxe4 Bxe3 {Vidit,S (2727)-Zhigalko,S (2572) Chess.com INT 2022 1-0 (41)}) 9... O-O 10. f4 dxe4 $146 ({RR} 10... Ng6 11. Nxg6 Bxg6 12. f5 Qc7 13. fxg6 Bxg3 14. gxh7+ Kh8 15. Qe2 f5 16. Nd2 fxe4 17. dxe4 Rxf1+ 18. Nxf1 Bh4 19. Qg4 Bf6 20. c3 Ne5 21. Qe2 Rf8 22. Bf4 Qb6+ 23. Be3 Qa5 24. exd5 exd5 25. Bd4 {Ozen,B (2357)-Ronka,E (2295) chess.com INT 2023 1-0 (37)}) 11. dxe4 f6 12. Nd2 e5 13. f5 Bf7 14. g4 b5 15. Nhf3 a5 16. Kh2 a4 17. a3 g5 18. h4 h6 19. Rh1 Kg7 20. Nf1 Rh8 21. Ng3 Bc5 22. Bf1 Qb6 23. Kg2 Rad8 24. Bd2 Nf8 25. Ba5 Qb8 26. Bxd8 Qxd8 27. Rd1 Qc7 28. hxg5 hxg5 29. Rxh8 Kxh8 30. Qc3 Bb6 31. Qd2 Nc8 32. Nxg5 fxg5 33. Qxg5 Nh7 34. Qh6 Bc5 35. Bxb5 cxb5 36. Rh1 Bg8 37. g5 Bf8 38. Qxf8 Qxc2+ 39. Kf3 Qd3+ 40. Kg4 1-0

[Event "Titled Tuesday intern op 23rd Aug Early"]
[Site "Chess.com INT"]
[Date "2022.08.23"]
[Round "7"]
[White "Theodorou, Nikolas"]
[Black "Puranik, Abhimanyu Sameer"]
[Result "1-0"]
[WhiteElo "2575"]
[BlackElo "2600"]
[PlyCount "69"]
[EventDate "2022.08.23"]
[EventType "swiss (blitz)"]
[EventRounds "11"]
[EventCountry "USA"]
[SourceTitle "EXT 2023"]
[Source "ChessBase"]
[SourceDate "2022.10.05"]
[SourceVersion "1"]
[SourceVersionDate "2022.10.05"]
[SourceQuality "1"]

1. Nf3 Nf6 2. g3 g6 3. Bg2 Bg7 4. O-O O-O 5. d3 d5 6. Nbd2 c5 7. e4 e6 8. c3 Nc6 9. e5 Nd7 10. d4 cxd4 11. cxd4 f6 ({RR} 11... Qb6 12. Nb3 a5 13. a4 f6 14. exf6 Nxf6 15. Be3 Ne4 16. Qd3 Nd6 17. Rfc1 Nc4 18. Nfd2 Nxe3 19. fxe3 Bh6 20. Nc5 Nb4 21. Qe2 Qd6 22. Nd3 b6 23. Nf4 Bd7 24. Nf3 Bg7 25. b3 Rac8 26. Qd2 {Khotenashvili,B (2420)-Hrebenshchykova,Y (2280) Monaco MNC 2025 1-0 (56)}) 12. exf6 Qxf6 13. Nb3 b6 $146 ({RR} 13... h6 14. Be3 g5 15. Qd2 Nb6 16. Nc5 Nc4 17. Qe2 e5 18. Nxe5 N4xe5 19. Bxd5+ Kh8 20. dxe5 Qxe5 21. Bxc6 bxc6 22. Nd3 Qf6 23. f4 Qe7 24. fxg5 Rxf1+ 25. Rxf1 Ba6 26. gxh6 Bf6 27. Qf2 Bxd3 28. Qxf6+ {Frey,T (1845)-Tchalimian,P (1913) Loire 2015 1-0 (33)}) 14. Bg5 Qf7 15. Rc1 Bb7 16. Bf4 h6 17. h4 a5 18. a4 Rac8 19. Re1 Kh7 20. Qe2 Rce8 21. Qb5 e5 22. dxe5 Ncxe5 23. Nbd4 Nc4 24. Rxe8 Rxe8 25. b3 Na3 26. Qf1 Nc5 27. Ra1 Ne6 28. Nxe6 Qxe6 29. Rxa3 d4 30. Ra1 d3 31. Re1 Be4 32. Rxe4 Qxe4 33. Ng5+ hxg5 34. Bxe4 Rxe4 35. hxg5 1-0

[Event "Titled Tuesday intern op 23rd Aug Late"]
[Site "Chess.com INT"]
[Date "2022.08.23"]
[Round "6"]
[White "Hansen, Eric"]
[Black "Kosteniuk, Alexandra"]
[Result "1-0"]
[WhiteElo "2606"]
[BlackElo "2521"]
[PlyCount "81"]
[EventDate "2022.08.23"]
[EventType "swiss (blitz)"]
[EventRounds "11"]
[EventCountry "USA"]
[SourceTitle "EXT 2023"]
[Source "ChessBase"]
[SourceDate "2022.10.05"]
[SourceVersion "1"]
[SourceVersionDate "2022.10.05"]
[SourceQuality "1"]

1. Nf3 f5 2. d3 Nf6 3. e4 d6 4. Nc3 e5 5. exf5 Bxf5 6. d4 e4 7. Nh4 Bg4 8. Be2 Bxe2 9. Qxe2 d5 10. Bg5 Bb4 11. Qb5+ ({RR} 11. O-O O-O 12. Nf5 Nc6 13. Rad1 Qd7 14. Ne3 Ne7 15. Bxf6 Rxf6 16. Nxe4 Ra6 17. Ng5 h6 18. Nf3 Rxa2 19. Ne5 Qe6 20. f4 Rf8 21. Qd3 Rxb2 22. f5 Qd6 23. N3g4 h5 24. f6 hxg4 25. fxe7 Rxf1+ {Grischuk,A (2783)-Ponomariov,R (2731) Beijing 2013 ½-½ (36)}) 11... Nc6 12. O-O Bxc3 13. bxc3 Rb8 $146 ({RR} 13... O-O 14. Qxb7 Qd7 15. Bxf6 Rab8 16. Qa6 Rxf6 17. Qe2 g5 18. f3 Re8 19. fxe4 Rxe4 {½-½ (19) Csorsz,F (1923)-Radics,L (1898) Hungary 2013}) 14. f3 O-O 15. fxe4 dxe4 16. Rf5 Qd6 17. Raf1 Ne7 18. Qc4+ Kh8 19. R5f2 Ned5 20. Nf5 Qd7 21. h3 Rbe8 22. Ne3 Nxe3 23. Bxe3 Qd6 24. Rf5 b6 25. Bf4 Qd7 26. Be5 Re6 27. d5 Rxe5 28. Rxe5 Qd6 29. Qd4 h6 30. Re6 Qd8 31. c4 Kh7 32. Qe5 Rf7 33. a4 Qf8 34. Qf5+ Kg8 35. Qe5 Qc5+ 36. Kh1 Qxc4 37. Rd1 Qe2 38. Rg1 Qxc2 39. d6 cxd6 40. Rxd6 Qxa4 41. Qe6 1-0